00237nam a2200085Ia 4500008004100000082001200041245008300053260000600136300000900142190415s9999 xx 000 0 und d aRI.0010 0aIndian Muslims : Some aspects of regional demography :An exploratory analysis. c0 a30p.